| 000 | 00477nam a2200181Ia 4500 | ||
|---|---|---|---|
| 003 | GCL | ||
| 008 | 140319s9999 xx 000 0 eng d | ||
| 040 |
_aGCL / _cGCL |
||
| 082 | 0 | 4 |
_a658.81 _bP S |
| 100 | 1 | _aPATTON, W.E | |
| 245 | 1 | 0 |
_aSALES FORCE : ASALES MANAGEMENT SIMULATION GAME / _cPATTON, W.E |
| 260 |
_a[S.N] : _bIRWIN ، _c1995 |
||
| 300 | _a68 P P | ||
| 650 | 0 | 4 | _aSTUDY AND TEACHING |
| 650 | 0 | 4 | _aDATA PROCESSING |
| 650 | 0 | 4 | _aSALES MANAGEMENT |
| 942 |
_2ddc _cBK |
||
| 999 |
_c11936 _d11936 |
||